Ιστορίες Τρόμου

Αποθηκεύτηκε σε:
Λεπτομέρειες βιβλιογραφικής εγγραφής
Κύριος συγγραφέας: Poe, Edgar Allan, 1809-1849
Άλλοι συγγραφείς: Σημηριώτης, Νίκος (Μεταφραστής)
Μορφή: Βιβλίο
Γλώσσα:Greek
English
Δημοσίευση: Αθήνα : Σ.Ι. Ζαχαρόπουλος, c1987.
Σειρά:Κλασική λογοτεχνία (Ζαχαρόπουλος) ; 95
Θέματα:
Ετικέτες: Προσθήκη ετικέτας
Δεν υπάρχουν, Καταχωρήστε ετικέτα πρώτοι!

MARC

LEADER 00000cam a2200000 i 4500
001 1/33313
008 941103s1987####gr | ||| |||| ||gre||
035 |a 1990  |c ΔΩΡΕΑ  |l 10039334 
040 |a GR-MyUA  |b gre  |e AACR2 
041 0 |a gre  |h eng 
082 0 |a 813  
100 1 |a Poe, Edgar Allan,   |d 1809-1849. 
245 1 0 |a Ιστορίες Τρόμου /   |c Εδγαρ Αλλαν Πόε ; μετάφραση και πρόλογος Νίκου Σημηριώτη.  
260 |a Αθήνα :   |b Σ.Ι. Ζαχαρόπουλος,   |c c1987.  
300 |a 193 σ. ;   |c 18 εκ.  
490 1 |a (Κλασική λογοτεχνία   |v ; 95)  
650 0 0 |a American fiction. 
700 1 |a Σημηριώτης, Νίκος,  |e trl 
830 0 |a Κλασική λογοτεχνία (Ζαχαρόπουλος)  |v  ; 95 
852 |a INST  |b SAMOS  |e 19941103  |h 813 POE  |p 005300000680  |q 005300000680  |t BK  |y 0 
852 |a INST  |b SAMOS  |e 19941103  |h 813 POE  |p 005300000681  |q 005300000681  |t BK  |y 0 
909 |a Σ  |b 000481 
909 |a Σ  |b 000480